<?xml version="1.0" encoding="UTF-8"?><OAI-PMH xmlns="http://www.openarchives.org/OAI/2.0/" xmlns:xsi="http://www.w3.org/2001/XMLSchema-instance"     xsi:schemaLocation="http://www.openarchives.org/OAI/2.0/ http://www.openarchives.org/OAI/2.0/OAI-PMH.xsd"><responseDate>2026-05-16T11:26:31Z</responseDate><request verb="GetRecord" identifier="oai:regmurcia.com:fintegr.1421" metadataPrefix="marc21">http://oai.regmurcia.com/oai2/oai2.php</request><GetRecord><record><header><identifier>oai:regmurcia.com:fintegr.1421</identifier><datestamp>2026-05-16</datestamp><setSpec>documentos</setSpec></header><metadata><record  xmlns="http://www.loc.gov/MARC21/slim" xmlns:xsi="http://www.w3.org/2001/XMLSchema-instance" xsi:schemaLocation="http://www.loc.gov/MARC21/slim http://www.loc.gov/standards/marcxml/schema/MARC21slim.xsd" type="Bibliographic"><leader>00000nam a2200000   4500</leader><controlfield tag="001" >005073712</controlfield><controlfield tag="003" >1421</controlfield><controlfield tag="004" >A00000000</controlfield><datafield tag="245" ind1=" " ind2=" "><subfield code="a">Provisión de Isabel la Católica al alcalde de las sacas y cosas vedadas del Obispado de Cartagena, inserta una provisión de Juan II (1415-5-29. Toledo) ordenando no cobrar a los vecinos de Murcia y Orihuela por sus bestias al cruzar la frontera.</subfield></datafield><datafield tag="300" ind1=" " ind2=" "><subfield code="c">217 x 295 mm.</subfield></datafield><datafield tag="351" ind1=" " ind2=" "><subfield code="a">Unidad Documental</subfield><subfield code="c">Archivo de Murcia. Array</subfield><subfield code="a">Unidad Documental</subfield><subfield code="c">Archivo de Murcia. Array</subfield></datafield><datafield tag="351" ind1=" " ind2=" "><subfield code="b">Nº 86</subfield></datafield><datafield tag="506" ind1=" " ind2=" "><subfield code="a">Acceso restringido</subfield></datafield><datafield tag="510" ind1=" " ind2=" "><subfield code="a">Pub. MORATALLA COLLADO, ANDREA. Documentos de los Reyes Católicos 1475-1491. Murcia: Academia Alfonso X el Sabio, 2003, pp. 146-147</subfield></datafield><datafield tag="520" ind1=" " ind2=" "><subfield code="a">Isabel la Católica se dirige al alcalde se las sacas y cosas vedadas en el Obispado de Cartagena para recordarle la obligación de hacer cumplir una provisión de Juan II por la cual se eximía a los vecinos de Murcia y Orihuela de pagar por las bestias con las que cruzaran la frontera.</subfield></datafield><datafield tag="583" ind1=" " ind2=" "><subfield code="u">http://www.regmurcia.com/servlet/s.Sl?METHOD=VERDOCUMENTO&amp;sit=serv,Carmesi&amp;n=/01/591/indice.djvu</subfield></datafield><datafield tag="592" ind1=" " ind2=" "><subfield code="a">1476-06-04</subfield></datafield><datafield tag="592" ind1=" " ind2=" "><subfield code="d">1476-06-04 00:00:00</subfield></datafield><datafield tag="651" ind1=" " ind2=" "><subfield code="a">Valladolid</subfield></datafield><datafield tag="786" ind1=" " ind2=" "><subfield code="o">http://www.regmurcia.com/servlet/s.Sl?METHOD=VERDOCUMENTO&amp;sit=serv,Carmesi&amp;n=/01/591/indice.djvu</subfield></datafield><datafield tag="856" ind1=" " ind2=" "><subfield code="u">http://www.regmurcia.com/servlet/s.Sl?METHOD=DETALLE&amp;sit=c,373,m,139,serv,Carmesi&amp;id=1421</subfield></datafield></record></metadata></record></GetRecord></OAI-PMH>
